|
|
|
|
| LEADER |
00000nam a2200000 a 4500 |
| 001 |
vtls001396067 |
| 003 |
SK-MaSNL |
| 005 |
20260301151521.0 |
| 008 |
240316s1931 xx 0 und |
| 035 |
|
|
|a SNK000350442
|
| 040 |
|
|
|a SNK
|b slo
|c SNK
|e AACR2
|
| 072 |
|
7 |
|a 32
|x Politika
|2 konspekt
|
| 080 |
|
|
|a 32-051
|2 2001
|
| 080 |
|
|
|a 101-051
|2 2001
|
| 080 |
|
|
|a (092)
|2 2001
|
| 100 |
1 |
|
|a Nejedlý, Zdeněk,
|d 1878-1962
|4 aut
|9 114414
|
| 245 |
1 |
0 |
|a T. G. Masaryk
|n Kniha první, 1850-1882
|c napsal Zdeněk Nejedlý
|
| 260 |
|
|
|a V Praze
|b Melantrich
|c 1931
|
| 300 |
|
|
|a 320 s.
|b fotogr., portréty
|c 26 cm
|
| 600 |
1 |
7 |
|a Masaryk, Tomáš Garrigue,
|d 1850-1937
|2 SNKMA
|9 98178
|
| 650 |
0 |
7 |
|a prezidenti
|2 SNKPH
|9 4128
|
| 650 |
0 |
7 |
|a politici
|2 SNKPH
|9 2679
|
| 650 |
0 |
7 |
|a filozofi
|2 SNKPH
|9 23475
|
| 650 |
0 |
7 |
|a Presidents
|2 SNKPHeng
|9 277474
|
| 650 |
0 |
7 |
|a Politicians
|2 SNKPHeng
|9 281560
|
| 650 |
0 |
7 |
|a Philosophers
|2 SNKPHeng
|9 282961
|
| 655 |
|
7 |
|a biografie
|2 SNKPH
|9 27965
|
| 655 |
|
7 |
|a Biography
|2 SNKPHeng
|9 266314
|
| 752 |
|
|
|a Česko
|d Praha
|
| 999 |
|
|
|c 786813
|d 788743
|
| 952 |
|
|
|t P60, <04>, [BOOK], {604}
|a SNK
|b SNK
|y VYP
|7 0
|p 17A0250854
|o snkIB 35596/1
|0 0
|1 0
|4 0
|d 2000-09-13
|l 0
|r 2005-01-02 00:00:00
|w 2026-02-24
|